高松駅・高松築港駅から出ている行き先 - Statistics

General Stats
  • This quiz has been taken 96 times
  • The average score is 15 of 21
Answer Stats
Answer % Correct
松山
96%
岡山
95%
徳島
94%
琴平
93%
高知
93%
宇多津
86%
多度津
86%
観音寺
85%
伊予西条
82%
琴電琴平
78%
長尾
76%
中村
73%
オレンジタウン
73%
東京
69%
引田
62%
瓦町
61%
一宮
53%
三本松
52%
仏生山
52%
滝宮
36%
平木
25%
No matching quizzes found
Score Distribution
Percent of People with Each Score
Percentile by Number Answered
Your Score History
You have not taken this quiz